| 000 | 02106cam a22004934i 4500 | ||
|---|---|---|---|
| 003 | PE-LiUPU | ||
| 005 | 20250731173434.0 | ||
| 008 | 150706s2008 xxu r 000 0 spa d | ||
| 035 | _a(Sirsi) a53190 | ||
| 040 |
_aPE-LiUPU _bspa _cPE-LiUPU _erda |
||
| 049 | _aPRUA | ||
| 082 | 0 | 4 |
_a284.3 _bE92 _221 |
| 100 | 1 |
_aEstep, William R. , _eautor. |
|
| 245 | 1 | 3 |
_aLa historia de los Anabaptistas : _brevolucionarios del siglo XVI, una introducción al anabaptismo del siglo XVI / _cWilliam R. Estep. |
| 250 | _a3a edición. | ||
| 264 | 1 |
_aFarmington, EE.UU. : _bLámpara y Luz, _c2008. |
|
| 300 |
_a320 páginas ; _c21 centímetros |
||
| 336 |
_atext _2rdacontent |
||
| 337 |
_aunmediated _2rdamedia |
||
| 338 |
_avolume _2rdacarrier |
||
| 500 | _aLa tercera rama de la reforma -- en cubierta. | ||
| 504 | _aIncluye referencias bibliográficas (p. 307-319) e índice. | ||
| 505 | 0 | _aEl nacimiento del anabaptismo -- Meteoros en la noche -- Un testimonio excepcional -- La verdad es inmortal -- De Zollikon a Augsburgo -- Sobre Moravia y la comunidad de bienes -- Menno Simons y el anabaptismo holandés -- El anabaptismo y la teología de la Reforma -- El bautismo y el discipulado -- La iglesia y el estado -- A través de los mares y los años. | |
| 526 | _aSEG42 | ||
| 526 | _aSEG41 | ||
| 526 | _aSEG40 | ||
| 526 | _aSEG39 | ||
| 526 | _aP94 | ||
| 526 | _aP87 | ||
| 526 | _aP86 | ||
| 526 | _aP85 | ||
| 526 | _aP77 | ||
| 526 | _aP76 | ||
| 526 | _aP35 | ||
| 541 | _g001-0000706; | ||
| 650 | 0 | 4 |
_aAnabaptistas _xHistoria _ySiglo XVI. |
| 650 | 0 | 4 | _aAnabaptistas. |
| 910 |
_agl _clch _d20131031 |
||
| 942 |
_2ddc _cBOOK |
||
| 949 |
_a284.3 E92 _wDEWEY _c1 _i68496 _lCCODEBUL1 _mBUL _p13.00 _r0 _sY _tLIBRO _u2015-07-06 _xTEOLOGIA _PP35 _o.STAFF. Colección Teología |
||
| 994 |
_aC0 _bPEPRU |
||
| 596 | _a1 | ||
| 999 |
_a284.3 E92 _wDEWEY _c55878 _i68496 _d55878 _e2018-10-9 _f2021-11-11 _g7 _lCCODEBUL1 _mBUL _n9 _p13.00 _q6 _r0 _sY _tBOOK _u2015-7-6 _xTEOLOGIA _PP35 _0COMPRA _o.STAFF. Colección Teología |
||
| 980 |
_81 _gALBERTO SANCHEZ Responsable de Automatización |
||